| 000 | 01360nam0a2200325 4500 | ||
|---|---|---|---|
| 001 | RU\NLR\bibl\1358460 | ||
| 005 | 20260405121521.0 | ||
| 010 |
_a978-5-8056-0163-8 _9200 |
||
| 021 |
_aRU _b2009-14283 _9847 |
||
| 035 | _a(NLR Aleph) 001350648 | ||
| 090 |
_a918670 _c918670 |
||
| 100 | _a20090420d2008 |||y0rusy50 ca | ||
| 101 | 0 | _arus | |
| 102 | _aRU | ||
| 105 | _aa ||||||||| | ||
| 200 | 1 |
_aАномалии организационной культуры как доминирующий фактор стресса в трудовых коллективах современного предприятия _fЮ.Г. Семенов _gУрал. акад. гос. службы |
|
| 210 |
_aЕкатеринбург _cУрАГС _d2008 |
||
| 215 |
_a244 с _cил. _d21 |
||
| 320 | _aБиблиогр.: с. 167-181 (343 назв.) | ||
| 606 | 1 |
_aОрганизационная культура _92136661 _3RU\NLR\auth\661288321 |
|
| 606 | 1 |
_aСоциальный стресс _91728901 _3RU\NLR\auth\661068974 |
|
| 686 | _aС550.371 | ||
| 686 | _aС550.353 | ||
| 700 | 1 |
_4070 _7ca _8rus _aСеменов _bЮ. Г. _cд-р социол. наук _gЮрий Григорьевич _930461 _3RU\NLR\auth\7747526 |
|
| 801 | 0 |
_aRU _bNLR _c20090420 _gRCR |
|
| 801 | 1 |
_aRU _bNLR _c20090420 |
|
| 830 | _aавт. по кн. | ||
| 942 | _cBOOK | ||
| 980 | _aNB | ||